MARC details
| 000 -CABECERA |
| campo de control de longitud fija |
01248nam a2200313 a 4500 |
| 001 - NÚMERO DE CONTROL |
| campo de control |
000022972 |
| 005 - FECHA Y HORA DE LA ÚLTIMA TRANSACCIÓN |
| campo de control |
20240515122609.0 |
| 008 - DATOS DE LONGITUD FIJA--INFORMACIÓN GENERAL |
| campo de control de longitud fija |
101123s1987 mx a 001 e spa d |
| 020 ## - NÚMERO INTERNACIONAL ESTÁNDAR DEL LIBRO |
| Número Internacional Estándar del Libro |
9682304156 |
| 041 17 - CÓDIGO DE LENGUA |
| Código de lengua del texto/banda sonora o título independiente |
spa |
| Código de lengua original |
por |
| Fuente del código |
Código de idiomas MARC |
| 082 ## - NÚMERO DE LA CLASIFICACIÓN DECIMAL DEWEY |
| Número de clasificación |
338.9 |
| Número de documento/Ítem |
F992t, 1987 |
| 049 ## - FONDOS LOCALES (OCLC) |
| Fondos de biblioteca |
BNGR |
| 040 ## - FUENTE DE LA CATALOGACIÓN |
| Centro catalogador/agencia de origen |
DO-SdBNP |
| 100 1# - ENTRADA PRINCIPAL--NOMBRE DE PERSONA |
| Nombre de persona |
Furtado, Celso, |
| 9 (RLIN) |
47241 |
| 240 10 - TÍTULO UNIFORME |
| Título uniforme |
Teoría e política do desenvolvimento económico. |
| Lenguaje de la obra |
Spanish. |
| 245 10 - MENCIÓN DE TÍTULO |
| Título |
Teoría y política del desarrollo economico / |
| Mención de responsabilidad, etc. |
Celso Furtado ; traducción de Francisco Oliveira y Martí Soler. |
| 250 ## - MENCIÓN DE EDICIÓN |
| Mención de edición |
Nueva ed. corr. y aum., 13a ed. en español. |
| 260 ## - PUBLICACIÓN, DISTRIBUCIÓN, ETC. |
| Lugar de publicación, distribución, etc. |
Mexico : |
| Nombre del editor, distribuidor, etc. |
Siglo Veintiuno, |
| Fecha de publicación, distribución, etc. |
1987. |
| 300 ## - DESCRIPCIÓN FÍSICA |
| Extensión |
301 p. : |
| Otras características físicas |
il. ; |
| Dimensiones |
21 cm. |
| 490 1# - MENCIÓN DE SERIE |
| Mención de serie |
Economía y demografía |
| 534 ## - NOTA SOBRE LA VERSIÓN ORIGINAL |
| Frase introductoria |
Título original en portugués: |
| Mención de título del original |
Teoría e política do desenvolvimento económico. |
| Publicación, distribución, etc. del original |
Sao Paulo, Brasil : Companhia editora nacional, 1967 |
| 504 ## - NOTA DE BIBLIOGRAFÍA, ETC. |
| Nota de bibliografía, etc. |
Incluye referencias bibliográficas y notas al pie de las páginas. |
| 500 ## - NOTA GENERAL |
| Nota general |
Incluye índice |
| 650 #0 - PUNTO DE ACCESO ADICIONAL DE MATERIA--TÉRMINO DE MATERIA |
| Término de materia o nombre geográfico como elemento de entrada |
Política económica |
| 9 (RLIN) |
84931 |
| 650 #4 - PUNTO DE ACCESO ADICIONAL DE MATERIA--TÉRMINO DE MATERIA |
| Término de materia o nombre geográfico como elemento de entrada |
Teoría política |
| 9 (RLIN) |
33301 |
| 700 1# - PUNTO DE ACCESO ADICIONAL--NOMBRE DE PERSONA |
| Nombre de persona |
Oliveira, Francisco, |
| Término indicativo de función/relación |
tr. |
| 9 (RLIN) |
47242 |
| 700 1# - PUNTO DE ACCESO ADICIONAL--NOMBRE DE PERSONA |
| Nombre de persona |
Soler, Martí, |
| Término indicativo de función/relación |
tr. |
| 9 (RLIN) |
29456 |
| 830 #0 - PUNTO DE ACCESO ADICIONAL DE SERIE-TÍTULO UNIFORME |
| Título uniforme |
Economía y demografía |
| 9 (RLIN) |
30740 |